000 00954nam a22002657a 4500
003 PE SENCICO BE
005 20251020182632.0
008 230303b |||||||| |||| 00| 0 eng d
040 _aPE SENCICO BE
_cPE SENCICO BE
041 _aspa
082 _a709.8501
_bL31
100 1 _9656
_aDe Lavalle, José Antonio
_eautor
245 1 _aArte precolombino :
_bMuseo Nacional de Antropología y Arqueología Lima, primera parte, arte textil y adornos /
_cJosé Antonio de Lavalle y Werner Lang
250 _a[1a ed.]
260 _aLima :
_bBanco de Crédito del Perú,
_c1980
300 _a177 p. :
_bil. col., lams.
_c29 cm.
440 _9720
_aColección arte y tesoros del Perú
650 1 4 _9659
_aCulturas precolombinas
650 2 4 _9660
_aCulturas prehispánicas
650 2 4 _9668
_aArte precolombino
651 0 _9661
_aPerú
700 1 _9667
_aLang, Werner
910 _bhfp
_chfp
942 _2ddc
_cLIB
_h709.8501
_iL31
999 _c4033
_d4033